[Event "World Cup VII Final"]
[Site "Cork World Cup VII Final"]
[Date "1994.??.??"]
[Round "?"]
[White "Krivonosovs, Valerijs"]
[Black "Vetter, Gerhard"]
[Result "1/2-1/2"]
[WhiteElo "2490"]
[BlackElo "2495"]
[PlyCount "39"]
[EventDate "1994.??.??"]
[Source "www.chesslib.no"]
[SourceDate "2004.05.04"]

1. Nf3 g6 2. d4 Bg7 3. c4 Nf6 4. Nc3 d5 5. cxd5 Nxd5 6. Bd2 O-O 7. Rc1 Nb6 8. e3 Nc6 9. Bb5 Bd7 10. O-O e5 11. d5 Nb4 12. Bxd7 Qxd7 13. e4 f5 14. Ng5 fxe4 15. Ne6 Rf7 16. Nxg7 Kxg7 17. Nxe4 N4xd5 18. Nc5 Qc6 19. Qg4 Re8 20. Qe4 1/2-1/2

[Event "URS-FL"]
[Site "Sverdlovsk"]
[Date "1984.??.??"]
[Round "?"]
[White "Kupreichik, Viktor D"]
[Black "Gavrikov, Viktor"]
[Result "1/2-1/2"]
[WhiteElo "2480"]
[BlackElo "2505"]
[PlyCount "93"]
[EventDate "1984.11.??"]
[Source "ChessBase"]

1. d4 Nf6 2. Nf3 g6 3. c4 Bg7 4. Nc3 d5 5. cxd5 Nxd5 6. Bd2 O-O 7. Rc1 Nc6 8. e4 Nb6 9. d5 Nb8 10. a4 c6 11. a5 N6d7 12. b4 Nf6 13. Be3 cxd5 14. exd5 Na6 15. Bxa6 bxa6 16. Ne5 Bb7 17. Nc6 Bxc6 18. dxc6 Qxd1+ 19. Kxd1 Rfc8 20. Na4 Nd5 21. Ke2 Nxb4 22. c7 Nd5 23. Rc5 e6 24. Rhc1 Be5 25. Rxd5 exd5 26. Nb6 axb6 27. axb6 Rxc7 28. bxc7 Rc8 29. f4 Bd6 30. Rc6 Be7 31. f5 gxf5 32. Bf4 Kf8 33. Rxa6 Bc5 34. Rc6 Ba7 35. Rd6 Ke8 36. Rh6 Ke7 37. Rxh7 Bb6 38. Bg5+ Ke8 39. Rh8+ Kd7 40. Rxc8 Kxc8 41. Bf4 Bxc7 42. Bxc7 Kxc7 43. Ke3 Kd6 44. Kd4 f4 45. h4 Ke6 46. h5 Kf5 47. Kxd5 1/2-1/2